Condados de la Marca Hispánica - Estadísticas

Estadísticas generales
  • Esta prueba ha sido intentada 33 veces
  • La puntuación promedio es 7 de 17
Respuestas en el mapa
Las respuestas están codificadas por una escala verde-roja en el mapa de la prueba según el % correcto abajo.
 
Estadísticas de respuestas
Condado % Correcto
Barcelona
100%
Gerona
83%
Jaca
73%
Pamplona
73%
Urgel
70%
Ribagorza
63%
Rosellón
50%
Sobrarbe
43%
Cerdaña
33%
Pallars
30%
Besalú
23%
Ampurdán
20%
Osona
17%
Sangüesa
17%
Vallespir
13%
Conflent
7%
Peralada
3%
No se encontraron pruebas coincidentes
Distribución de puntuación
Porcentaje de gente con cada puntuación
Porcentaje por número respondido
Historial de tus puntuaciones
No has intentado esta prueba.